Представление документа в формате RUSMARC

ПолеНазваниеЗначение
  Тип записи a
  Библиографический уровень m
001 Контрольный номер RU/IS/BASE/293644575
005 Дата корректировки 20201206204633.2
010 Индекс ISBN __
a ISBN 978-5-17-050339-1. - 978-5-7390-2173-1
d Цена 174-24
101 Язык документа __
a Язык текста rus
c Язык оригинала rus
200 Заглавие и сведения об ответственности 0_
a Заглавие История новой Москвы, или Кому ставим памятник
f Первые сведения об ответственности Нина Молева
b Общее обозначение материала Текст
210 Выходные данные __
a Место издания М.
c Издательство АСТ
c Издательство Олимп
d Дата издания 2008
215 Физическое описание __
a Объем 217, [3] с.
c Иллюстрации/тип воспроизводства ил.
327 Примечание о содержании __
a Примечание о содержании О порядке возведения в городе Москве произведений монументально-декоративного искусства городского назначения : закон по г. Москве
330 Аннотация __
a Аннотация Петр I Зураба Церетели, скандальный памятник "Дети - жертвы пороков взрослых", Михаила Шемякина, "отдыхающий" Шаляпин… Москва меняется каждую минуту. Появляются новые памятники, захватывающие все лучшие и лучшие ответственейшие точки Москвы. Решение об их установке принимает Комиссия по монументальному искусству. О работе этой Комиссии, опираясь на официальные документы и факты, показывается, как принимаются решения о возведении памятников.
517 Другие варианты заглавия __
a Другие варианты заглавия Кому ставим памятник
601 Наименование организации как предмет __
a Наименование организации как предмет Комиссия по монументальному искусству
605 Заглавие как предмет __
a Заглавие Дети - жертвам пороков взрослых /памятник/
605 Заглавие как предмет __
a Заглавие Детям войны - участникам битвы под Москвой в 1941-1942 гг. /памятник/
605 Заглавие как предмет __
a Заглавие Древо жизни /монументальная скульптура/
605 Заглавие как предмет __
a Заглавие Ворона и лисица /садово-парковая скульптура/
605 Заглавие как предмет __
a Заглавие Памятник Ф. И. Шаляпину
605 Заглавие как предмет __
a Заглавие Памятник Ф. Э. Дзержинскому
605 Заглавие как предмет __
a Заглавие Памятник М. А. Булгакову
605 Заглавие как предмет __
a Заглавие Памятник И. А. Бунину
606 Тематические рубрики __
a Основная рубрика Изобразительное искусство и архитектура
606 Тематические рубрики __
a Основная рубрика Виды скульптуры
y Географическая подрубрика Москва; Россия
610 Ключевые слова __
a Ключевые слова памятники; памятники искусства; памятники истории; памятники культуры; монументальное искусство; комиссии; законы; монументально-декоративное искусство; города; столицы; скульптуры; мемориальные комплексы; садово-парковые скульптуры; скульптурные композиции; монументальная скульптура
686 Индексы других классификаций __
a Классификационный индекс 85.136.1(2)
700 Автор _1
a Фамилия Молева
b Имя Н. М.
g Полное личное имя Нина Михайловна
4 Код отношения 070
801 Источник записи _0
a Страна RU
b Организация Муниципальное бюджетное учреждение культуры "Централизованная библиотечная система" г. Сургут (Центральная городская библиотека им. А. С. Пушкина)
g Правила каталогизации КиК/Поспелова
801 Источник записи _1
a Страна RU
b Организация Муниципальное бюджетное учреждение культуры "Централизованная библиотечная система" г. Сургут (Центральная городская библиотека им. А. С. Пушкина)
g Правила каталогизации КиК/Поспелова
852 Данные о местонахождении __
j Шифр хранения 85.136.1(2)
c Каталожный индекс 85.133(2-2Москва)
i Авторский знак М 75
901 Тип документа __
t Тип документа m
903 Характеристики (МАРС) __
a Дата передачи 20090424
990 Данные о заказе (DOS) __
j Количество экземпляров (DOS) 1
t N записи в КСУ для И/У (DOS) 200905